| 000 | 00776nam a2200229Ia 4500 | ||
|---|---|---|---|
| 003 | GCL | ||
| 008 | 140319s9999 xx 000 0 ara d | ||
| 040 |
_aGCL / _cGCL |
||
| 082 | 0 | 4 |
_a418 _bت ك |
| 100 | 1 | _aالتبريزى , ابوزكريا يحيى بن عل | |
| 245 | 1 | 0 |
_aكتاب تهذيب اصلاح المنطق / _cالتبريزى , ابوزكريا يحيى بن عل |
| 700 | 1 | _aفوزى عبد العزيز مسعود(تحقيق) | |
| 260 |
_a[S.N] : _bالهيئة المصرية العامة للكتاب ، _c1987 |
||
| 300 | _aمتعدد | ||
| 490 | _a | ||
| 650 | 0 | 4 | _aالنحو |
| 650 | 0 | 4 | _aالالفاظ |
| 650 | 0 | 4 | _aاللغة العربية |
| 650 | 0 | 4 | _aالنطق |
| 650 | 0 | 4 | _aالمترادفات والاضداد |
| 942 |
_2ddc _cBK |
||
| 999 |
_c29853 _d29853 |
||